[Event "Open de la Loire 2014-2015"]
[Site "Aurec"]
[Date "2014.11.08"]
[Round "1.1"]
[White "Ben Habchi, Nordine"]
[Black "Bragado, Kevin"]
[Result "0-1"]
[WhiteElo "1460"]
[BlackElo "1700"]
[PlyCount "62"]
[EventDate "2014.??.??"]

1. e4 c6 2. d4 d5 3. e5 Bf5 4. g4 Bg6 5. f4 h6 6. f5 Bh7 7. Nf3 e6 8. Bd3 exf5
9. gxf5 Nd7 10. Be3 Qb6 11. Nbd2 O-O-O 12. Nb3 Ne7 13. e6 fxe6 14. fxe6 Nf6 15.
Ne5 Bg8 16. Nc5 g5 17. Qe2 Qc7 18. Bf2 Ne4 19. Bxe4 dxe4 20. Bg3 Qa5+ 21. Kf1
Nf5 22. c3 Nxg3+ 23. hxg3 Bxc5 24. Qg4 Be7 25. Nf7 Bxf7 26. exf7+ Rd7 27. Qxe4
Qd5 28. Qg6 Qxh1+ 29. Kf2 Qxa1 30. Qg8+ Rd8 31. f8=Q Rxf8+ 0-1

[Event "Open de la Loire 2014-2015"]
[Site "Aurec"]
[Date "2014.11.08"]
[Round "1.2"]
[White "Schlick, Paul"]
[Black "Volay, Pascal"]
[Result "1-0"]
[WhiteElo "1670"]
[BlackElo "1460"]
[PlyCount "126"]
[EventDate "2014.??.??"]

1. d4 d5 2. Nf3 Nf6 3. Bf4 e6 4. h3 Bd6 5. Bxd6 Qxd6 6. c3 Nc6 7. e3 Bd7 8. Bd3
O-O 9. Qc2 e5 10. dxe5 Nxe5 11. Nxe5 Qxe5 12. Nd2 Rfe8 13. Nf3 Qe7 14. O-O-O g6
15. h4 Bg4 16. Rdg1 Ne4 17. Bxe4 Qxe4 18. Qxe4 dxe4 19. Nd2 Rad8 20. Re1 b6 21.
f3 exf3 22. gxf3 Bh5 23. Rhf1 Rd3 24. e4 Red8 25. Rf2 f6 26. Kc2 Kf7 27. e5
fxe5 28. Rxe5 Kf6 29. f4 Kg7 30. Re7+ Kg8 31. Rxc7 a6 32. Rc6 R3d6 33. Rxd6
Rxd6 34. Ne4 Bd1+ 35. Kc1 Rd8 36. Rd2 Rxd2 37. Kxd2 Ba4 38. Nf6+ Kg7 39. Nd5
Be8 40. Nxb6 Kf6 41. Nc8 Bd7 42. Nb6 Bc6 43. Ke3 Kf5 44. Nc4 Bd5 45. Kd4 Be6
46. a3 Kxf4 47. Ne3 g5 48. hxg5 Kxg5 49. Ke5 Bg4 50. Nxg4 Kxg4 51. c4 h5 52. c5
h4 53. c6 h3 54. c7 h2 55. c8=Q+ Kg3 56. Qc3+ Kg2 57. Qd2+ Kg1 58. Qe1+ Kg2 59.
Qe2+ Kg1 60. Qg4+ Kf2 61. Qh4+ Kg2 62. Kd5 h1=Q 63. Qxh1+ Kxh1 1-0

[Event "Open de la Loire 2014-2015"]
[Site "Aurec"]
[Date "2014.11.08"]
[Round "1.3"]
[White "Martin, Julien"]
[Black "Vier, Serge"]
[Result "1/2-1/2"]
[WhiteElo "1420"]
[BlackElo "1649"]
[PlyCount "90"]
[EventDate "2014.??.??"]

1. e4 e6 2. Nf3 d5 3. exd5 exd5 4. d4 Nf6 5. Nc3 Bf5 6. Bd3 Bg4 7. Be2 c6 8.
O-O Bd6 9. Ne5 Bxe2 10. Qxe2 O-O 11. Ng4 Nbd7 12. Bg5 h6 13. Nxh6+ gxh6 14.
Bxh6 Re8 15. Qf3 Nf8 16. Qf5 Ng6 17. g3 Bf8 18. Bg5 Bg7 19. Rae1 Qd6 20. Ne2
Ne4 21. f3 Nxg5 22. Qxg5 Qf6 23. Qg4 Qe6 24. Qg5 Qe3+ 25. Qxe3 Rxe3 26. c3 Rae8
27. Kf2 Nf8 28. Nc1 Rxe1 29. Rxe1 Rxe1 30. Kxe1 Nd7 31. Nd3 Kh7 32. Kf2 Kg6 33.
h3 Kf6 34. h4 Ke6 35. g4 Bf6 36. g5 Bg7 37. Kg3 Kf5 38. Nf2 c5 39. dxc5 Be5+
40. Kh3 Nxc5 41. Ng4 Bf4 42. Nh6+ Kg6 43. Kg4 Bc1 44. h5+ Kg7 45. Nf5+ Kh7
1/2-1/2

[Event "Open de la Loire 2014-2015"]
[Site "Aurec"]
[Date "2014.11.08"]
[Round "1.4"]
[White "Liogier, Pascal"]
[Black "Briancon, Jean-Philippe"]
[Result "0-1"]
[WhiteElo "1630"]
[BlackElo "1404"]
[PlyCount "76"]
[EventDate "2014.??.??"]

1. d4 Nf6 2. Nf3 e6 3. Bf4 c5 4. e3 Nc6 5. c3 d5 6. Bb5 Bd7 7. O-O a6 8. Bxc6
Bxc6 9. Ne5 Be7 10. Nd2 O-O 11. Nxc6 bxc6 12. Nf3 c4 13. Ne5 Qb6 14. Qe2 c5 15.
Rab1 cxd4 16. exd4 Bd6 17. Nd7 Nxd7 18. Bxd6 Qxd6 19. h4 Nf6 20. Rfe1 a5 21.
Qf3 a4 22. a3 Ne4 23. h5 Nd2 24. Qg4 f5 25. Qg5 Nxb1 26. Rxb1 h6 27. Qe3 Rab8
28. f4 Rb3 29. Kh2 Rfb8 30. Kh3 Rxb2 31. Rxb2 Rxb2 32. g4 fxg4+ 33. Kxg4 Rb3
34. Kh3 Rxa3 35. f5 exf5 36. Qe8+ Qf8 37. Qe6+ Qf7 38. Qc8+ Kh7 0-1

[Event "Open de la Loire 2014-2015"]
[Site "Aurec"]
[Date "2014.11.08"]
[Round "1.5"]
[White "Libiszewski, Christian"]
[Black "Piguet, Francois"]
[Result "1/2-1/2"]
[WhiteElo "1400"]
[BlackElo "1599"]
[PlyCount "86"]
[EventDate "2014.??.??"]

1. e4 Nf6 2. d3 e5 3. Nf3 Nc6 4. c3 d5 5. exd5 Nxd5 6. Nbd2 Bc5 7. g3 Bg4 8.
Bg2 O-O 9. O-O Qd7 10. Qc2 Nf6 11. b4 Bb6 12. Ba3 Rfe8 13. Rfe1 Rad8 14. Bf1 e4
15. dxe4 Nxe4 16. Nxe4 Bxf3 17. Ng5 Be4 18. Rxe4 Rxe4 19. Qxe4 Qd2 20. Qxh7+
Kf8 21. Qf5 Bxf2+ 22. Qxf2 Qxg5 23. Re1 Kg8 24. Bc4 Ne5 25. Bc1 Qh5 26. Be2 Ng4
27. Qg2 Qg6 28. Qxb7 Qe6 29. Qg2 Nf6 30. Rd1 Rxd1+ 31. Bxd1 Qe1+ 32. Qf1 Qxc3
33. Qf4 Qe1+ 34. Qf1 Qxb4 35. Bb3 Qc5+ 36. Kg2 Qc6+ 37. Kf2 Qc5+ 38. Be3 Ng4+
39. Ke2 Qxe3+ 40. Kd1 Nf2+ 41. Kc2 Qe4+ 42. Kb2 Qd4+ 43. Ka3 Qc5+ 1/2-1/2

[Event "Open de la Loire 2014-2015"]
[Site "Aurec"]
[Date "2014.11.08"]
[Round "1.6"]
[White "Boeuf, Jeremy"]
[Black "Ould Taleb, Said"]
[Result "0-1"]
[WhiteElo "1598"]
[BlackElo "1399"]
[PlyCount "40"]
[EventDate "2014.??.??"]

1. f4 d5 2. Nf3 e6 3. e3 Nf6 4. Be2 c5 5. b3 Nc6 6. Bb2 Be7 7. Bb5 a6 8. Bxc6+
bxc6 9. Ne5 Qc7 10. O-O a5 11. a4 O-O 12. d3 Rd8 13. Nd2 Bd6 14. Qe1 Rb8 15. c4
dxc4 16. dxc4 Bb7 17. Ndf3 Ne4 18. Ng5 Nxg5 19. fxg5 Rf8 20. Rd1 Rbd8 0-1

[Event "Open de la Loire 2014-2015"]
[Site "Aurec"]
[Date "2014.11.08"]
[Round "1.7"]
[White "Petrosyan, Armen"]
[Black "Legendre, Julien"]
[Result "1-0"]
[WhiteElo "1399"]
[BlackElo "1580"]
[PlyCount "97"]
[EventDate "2014.??.??"]

1. Nf3 e6 2. e3 d5 3. c4 c6 4. Nc3 f5 5. cxd5 cxd5 6. Ne5 Nc6 7. Qh5+ Ke7 8.
Qf7+ Kd6 9. Nb5+ Kc5 10. d4+ Kb6 11. Nxc6 bxc6 12. Nc3 Qe7 13. Na4+ Kc7 14.
Qxe7+ Bxe7 15. a3 Nf6 16. f3 a5 17. Bd3 Ba6 18. Ke2 Bxd3+ 19. Kxd3 g5 20. Bd2
Rhb8 21. Rac1 h6 22. Rc3 Rc8 23. Rhc1 Kd7 24. Nb6+ Ke8 25. Nxa8 Rxa8 26. Rxc6
Ra7 27. Rc7 Rxc7 28. Rxc7 a4 29. Bb4 Ng8 30. Bxe7 Nxe7 31. Kc3 Kd8 32. Ra7 Nc8
33. Rh7 Nb6 34. Kb4 Kc8 35. Kc5 Nd7+ 36. Kc6 Nb8+ 37. Kd6 h5 38. Kxe6 f4 39.
exf4 gxf4 40. Kxd5 Na6 41. Ke5 Nc7 42. d5 h4 43. d6 Nb5 44. Kd5 h3 45. gxh3
Nc7+ 46. Rxc7+ Kd8 47. Rh7 Ke8 48. Ke6 Kd8 49. Rh8# 1-0

[Event "Open de la Loire 2014-2015"]
[Site "Aurec"]
[Date "2014.11.08"]
[Round "1.8"]
[White "Desassis, Jean-Francois"]
[Black "Raffin, Philippe"]
[Result "1-0"]
[WhiteElo "1570"]
[BlackElo "1399"]
[PlyCount "69"]
[EventDate "2014.??.??"]

1. c4 d6 2. Nc3 Nf6 3. g3 e5 4. Bg2 Bd7 5. Bxb7 Nc6 6. Bxa8 Qxa8 7. Nf3 Be7 8.
O-O O-O 9. d3 Qb7 10. a3 Qb6 11. Bg5 Nd4 12. Bxf6 Bxf6 13. Nd5 Qc5 14. Nxf6+
gxf6 15. e3 Nxf3+ 16. Qxf3 Rb8 17. b4 Qb6 18. Qxf6 Rf8 19. Rab1 c6 20. h4 Qd8
21. Qxd8 Rxd8 22. b5 Rb8 23. bxc6 Rxb1 24. cxd7 Rxf1+ 25. Kxf1 Kg7 26. d8=Q a6
27. Qxd6 f6 28. Ke2 Kg6 29. Kf3 h5 30. g4 hxg4+ 31. Kxg4 Kf7 32. Kf5 a5 33.
Qxf6+ Ke8 34. Ke6 a4 35. Qe7# 1-0

[Event "Open de la Loire 2014-2015"]
[Site "Aurec"]
[Date "2014.11.08"]
[Round "1.9"]
[White "Rogues, Jean-Luc"]
[Black "Fauvin, David"]
[Result "0-1"]
[WhiteElo "1380"]
[BlackElo "1560"]
[PlyCount "76"]
[EventDate "2014.??.??"]

1. d4 Nf6 2. c4 g6 3. Nc3 d5 4. e3 Bg7 5. Bd3 O-O 6. Nge2 c6 7. O-O Nbd7 8. b4
dxc4 9. Bxc4 Nb6 10. Bb3 Nbd5 11. a3 Bg4 12. f3 Be6 13. e4 Nxc3 14. Nxc3 Bxb3
15. Qxb3 Qxd4+ 16. Kh1 Nxe4 17. fxe4 Qxc3 18. Qxc3 Bxc3 19. Rb1 Rad8 20. Be3
Bd4 21. Bf4 e5 22. Bh6 Rfe8 23. Rbd1 Bb2 24. a4 Rxd1 25. Rxd1 Bd4 26. Bg5 Kg7
27. Bh4 f6 28. h3 g5 29. Bg3 Rc8 30. Rc1 h5 31. Be1 Kf7 32. b5 c5 33. Bb4 c4
34. g3 c3 35. Rc2 Kg6 36. Kg2 f5 37. exf5+ Kxf5 38. Kf3 Rc4 0-1

[Event "Open de la Loire 2014-2015"]
[Site "Aurec"]
[Date "2014.11.08"]
[Round "1.10"]
[White "Joly, Christian"]
[Black "Bournez, Gerard"]
[Result "1-0"]
[WhiteElo "1540"]
[BlackElo "1360"]
[PlyCount "81"]
[EventDate "2014.??.??"]

1. d4 Nf6 2. Nf3 d6 3. Nc3 Bd7 4. e4 Nc6 5. Be3 e5 6. d5 Ne7 7. Bg5 Ng6 8. Bd3
Be7 9. O-O O-O 10. Re1 a6 11. Ne2 h6 12. Bxf6 Bxf6 13. c4 c5 14. a4 Be7 15. Qc2
Qc8 16. h3 f5 17. exf5 Bxf5 18. Bxf5 Qxf5 19. Qb3 e4 20. Ng3 Qd7 21. Nxe4 Bf6
22. Qc2 Ne5 23. Nxf6+ Rxf6 24. Nxe5 dxe5 25. Rxe5 Qd6 26. Rae1 Raf8 27. Re6
Rxf2 28. Qxf2 Rxf2 29. Rxd6 Rf7 30. Rde6 Kh7 31. Re7 Rf6 32. R1e6 Rf4 33. d6
Rxc4 34. d7 Rd4 35. Rb6 Rd1+ 36. Kh2 Rd5 37. Rxb7 h5 38. Rxg7+ Kh6 39. Rg8 a5
40. d8=Q Rxd8 41. Rxd8 1-0

[Event "Open de la Loire 2014-2015"]
[Site "Aurec"]
[Date "2014.11.08"]
[Round "1.11"]
[White "Mialon, Franck"]
[Black "Imperiali, Joris"]
[Result "0-1"]
[WhiteElo "1350"]
[BlackElo "1534"]
[PlyCount "46"]
[EventDate "2014.??.??"]

1. e4 e5 2. f4 d5 3. exd5 exf4 4. Nf3 Bg4 5. Bb5+ c6 6. dxc6 bxc6 7. Bc4 Bxf3
8. Qxf3 Qh4+ 9. g3 Qe7+ 10. Kd1 Qc7 11. d4 fxg3 12. Re1+ Kd8 13. Bxf7 Nf6 14.
Bf4 Qxf7 15. Bxb8 Rxb8 16. Qxg3 Qh5+ 17. Kc1 Qb5 18. b3 h6 19. Nc3 Qg5+ 20.
Qxg5 Ba3+ 21. Kd2 hxg5 22. Rad1 Bb4 23. Re6 Rxh2+ 0-1

[Event "Open de la Loire 2014-2015"]
[Site "Aurec"]
[Date "2014.11.08"]
[Round "1.12"]
[White "Schuhmann, Alain"]
[Black "Brachet, Gerard"]
[Result "1-0"]
[WhiteElo "1520"]
[BlackElo "1320"]
[PlyCount "80"]
[EventDate "2014.??.??"]

1. e4 e5 2. f4 Nc6 3. Nf3 d6 4. Bb5 Bd7 5. Bxc6 Bxc6 6. d3 exf4 7. Bxf4 Be7 8.
O-O Nf6 9. Nc3 O-O 10. Qd2 Nh5 11. Bg5 f6 12. Be3 Qe8 13. Nh4 g5 14. Nf5 Ng7
15. Nh6+ Kh8 16. Rae1 Qg6 17. Nf5 Nxf5 18. exf5 Qh5 19. Bxa7 Rfe8 20. Bd4 b5
21. Rxe7 Rxe7 22. Bxf6+ Rg7 23. Bxg7+ Kxg7 24. f6+ Kg6 25. d4 Kh6 26. d5 Bd7
27. a3 c6 28. Rf3 Rf8 29. dxc6 Bg4 30. Qxd6 Bxf3 31. Qxf8+ Kg6 32. Qg8+ Kxf6
33. Qf8+ Ke6 34. Qxf3 Qxf3 35. gxf3 Kd6 36. c7 Kxc7 37. Nxb5+ Kb6 38. a4 Ka5
39. b3 Kb4 40. Kg2 h5 1-0

[Event "Open de la Loire 2014-2015"]
[Site "Aurec"]
[Date "2014.11.08"]
[Round "1.13"]
[White "Hong, Shawn"]
[Black "Boeuf, Jean-Julien"]
[Result "0-1"]
[WhiteElo "1300"]
[BlackElo "1513"]
[PlyCount "80"]
[EventDate "2014.??.??"]

1. e4 d5 2. exd5 Nf6 3. c4 e6 4. Nc3 Bb4 5. dxe6 Qe7 6. Nf3 Bxe6 7. Be2 Bxc4 8.
d3 Ba6 9. Bd2 Bxd3 10. O-O Bxe2 11. Nxe2 O-O 12. Bxb4 Qxb4 13. Qc2 Nc6 14. Ned4
Nxd4 15. Nxd4 Qxd4 16. Qxc7 Qe4 17. Rfe1 Qc6 18. Rac1 Qxc7 19. Rxc7 b5 20. Re5
a6 21. a4 Rfd8 22. h3 bxa4 23. Ra5 g6 24. Rxa4 Nd5 25. Rcc4 Rd6 26. Rd4 Rad8
27. Kf1 Nf6 28. Rf4 Nh5 29. Rf3 Re8 30. g4 Rd1+ 31. Kg2 Ng7 32. Re3 Re1 33.
Rea3 R1e2 34. Rxa6 Rxb2 35. Ra1 h5 36. gxh5 Nxh5 37. R6a4 Ree2 38. Ra8+ Kg7 39.
Rc1 Rxf2+ 40. Kg1 Ng3 0-1

[Event "Open de la Loire 2014-2015"]
[Site "Aurec"]
[Date "2014.11.08"]
[Round "1.14"]
[White "Barrandon, Georges"]
[Black "Lempereur, Theo"]
[Result "1-0"]
[WhiteElo "1500"]
[BlackElo "1270"]
[PlyCount "65"]
[EventDate "2014.??.??"]

1. d4 d5 2. Nf3 Nc6 3. e3 Bg4 4. b3 Nf6 5. h3 Bh5 6. Nbd2 e5 7. Be2 Bxf3 8.
Nxf3 e4 9. Nh2 Bb4+ 10. Bd2 Qd6 11. c3 Ba3 12. c4 O-O-O 13. c5 Qe7 14. Qb1 Bb4
15. Qb2 b6 16. Bxb4 Nxb4 17. Qc3 bxc5 18. dxc5 Nc6 19. O-O d4 20. exd4 Rxd4 21.
Ng4 Rhd8 22. a3 a5 23. Bb5 Na7 24. Ba6+ Kb8 25. Qxa5 Nxg4 26. hxg4 e3 27. fxe3
Qxe3+ 28. Kh1 Rxg4 29. Qe1 Qxe1 30. Raxe1 Rd2 31. Re8+ Nc8 32. Bxc8 Ka7 33.
Bxg4 1-0

[Event "Open de la Loire 2014-2015"]
[Site "Aurec"]
[Date "2014.11.08"]
[Round "1.15"]
[White "Choquelle, Jean"]
[Black "Fournier, Gerald"]
[Result "1-0"]
[WhiteElo "1190"]
[BlackElo "1500"]
[PlyCount "69"]
[EventDate "2014.??.??"]

1. c4 Nf6 2. Nc3 e6 3. g3 d5 4. Nf3 d4 5. Nb5 c5 6. d3 a6 7. Na3 Bd6 8. Bg2 O-O
9. b3 Qc7 10. O-O Nc6 11. Nb1 b6 12. Nbd2 Bb7 13. Ne4 Nxe4 14. dxe4 Ne5 15. Ng5
h6 16. Nh3 Rad8 17. f4 Ng4 18. Nf2 Ne3 19. Bxe3 dxe3 20. Ng4 Be5 21. Qc1 Bxa1
22. Qxa1 Rd7 23. Re1 Rfd8 24. Nxe3 Rd4 25. Qb1 Bc6 26. Bf3 Qb7 27. Kf2 Bxe4 28.
Bxe4 Qxe4 29. Qc1 e5 30. f5 Qc6 31. Nd5 b5 32. Ne7+ Kf8 33. Nxc6 R8d6 34. Nxd4
exd4 35. Qf4 1-0

[Event "Open de la Loire 2014-2015"]
[Site "Aurec"]
[Date "2014.11.08"]
[Round "1.16"]
[White "Guichard, Thomas"]
[Black "Poyet, Louis"]
[Result "1-0"]
[WhiteElo "1490"]
[BlackElo "1140"]
[PlyCount "59"]
[EventDate "2014.??.??"]

1. e4 e5 2. Nf3 Nc6 3. Bb5 Nf6 4. O-O a6 5. Ba4 Bc5 6. d3 d6 7. Bg5 O-O 8. h3
b5 9. Bb3 Be6 10. Nc3 h6 11. Bh4 Rc8 12. Nd5 Bxd5 13. Bxd5 Nd4 14. Nxd4 Bxd4
15. c3 Bb6 16. a4 c6 17. Bb3 d5 18. exd5 cxd5 19. Bxf6 gxf6 20. axb5 axb5 21.
Ra6 Ra8 22. Rxa8 Qxa8 23. Qf3 d4 24. Qxf6 Bc7 25. Qxh6 Qd8 26. Qg6+ Kh8 27.
Bxf7 Qd6 28. Qxd6 Bxd6 29. Bg6 Rf6 30. Be4 1-0

[Event "Open de la Loire 2014-2015"]
[Site "Aurec"]
[Date "2014.11.08"]
[Round "1.17"]
[White "Poncet, Baptiste"]
[Black "Allabrune, Guillaume"]
[Result "0-1"]
[WhiteElo "1099"]
[BlackElo "1487"]
[PlyCount "60"]
[EventDate "2014.??.??"]

1. e4 e6 2. Nf3 d5 3. Bd3 c5 4. c3 Nc6 5. O-O Nf6 6. b3 dxe4 7. Bxe4 Nxe4 8.
Ba3 Be7 9. Re1 Nf6 10. d3 O-O 11. d4 b6 12. Qd3 cxd4 13. Bxe7 Qxe7 14. cxd4 Rd8
15. Nc3 Nb4 16. Qd1 Ba6 17. d5 Nbxd5 18. Nd4 Nxc3 19. Nc6 Qc5 20. Qc2 Qxc6 21.
Re3 Rac8 22. h3 Nfe4 23. a4 Rd2 24. Qxd2 Nxd2 25. b4 Bb7 26. f3 Qd6 27. a5 Qg3
28. Rd3 Nxf3+ 29. Kf1 Nh2+ 30. Kg1 Qxg2# 0-1

[Event "Open de la Loire 2014-2015"]
[Site "Aurec"]
[Date "2014.11.08"]
[Round "1.18"]
[White "Trottet, Francois"]
[Black "Dugelay, Alain"]
[Result "1-0"]
[WhiteElo "1470"]
[BlackElo "1090"]
[PlyCount "87"]
[EventDate "2014.??.??"]

1. e4 e5 2. Nf3 Nc6 3. Bc4 d6 4. h3 Nf6 5. d3 Be7 6. Be3 O-O 7. a3 Nh5 8. Qc1
h6 9. Nc3 Be6 10. Nd5 Bg5 11. Nxg5 hxg5 12. Bxg5 Qd7 13. Qd2 Rfe8 14. g4 f6 15.
Be3 b5 16. Ba2 Nf4 17. Nxf4 exf4 18. Bxf4 Bxa2 19. Rxa2 Qe6 20. Ra1 Nd4 21. Qd1
Rab8 22. O-O Rf8 23. Rb1 Rbc8 24. b3 Rcd8 25. c3 Nc6 26. Qf3 Na5 27. Qd1 d5 28.
Re1 dxe4 29. b4 Qa2 30. Rxe4 Qxa3 31. bxa5 c6 32. Qb3+ Qxb3 33. Rxb3 Rxd3 34.
Kg2 Rf7 35. Be3 f5 36. Rd4 Rxd4 37. Bxd4 fxg4 38. hxg4 Rf4 39. Kg3 Rf7 40. Rb2
Kh7 41. Re2 Kh6 42. Re6+ g6 43. Rxc6 Kg5 44. Rc5+ 1-0

[Event "Open de la Loire 2014-2015"]
[Site "Aurec"]
[Date "2014.11.08"]
[Round "2.1"]
[White "Bragado, Kevin"]
[Black "Barrandon, Georges"]
[Result "1-0"]
[WhiteElo "1700"]
[BlackElo "1500"]
[PlyCount "61"]
[EventDate "2014.??.??"]

1. f4 d5 2. Nf3 Nf6 3. e3 e6 4. Be2 Bd6 5. O-O O-O 6. b3 c5 7. Bb2 Nbd7 8. d3
b6 9. Nbd2 Ng4 10. Qe1 Nxe3 11. Qg3 Nf6 12. Ng5 Nxf1 13. Rxf1 d4 14. Nc4 h6 15.
Ne4 Nxe4 16. dxe4 Ba6 17. e5 Bxc4 18. Bxc4 Be7 19. Bc1 Kh7 20. f5 Bh4 21. Qg4
Bg5 22. f6 Rg8 23. Bxg5 d3 24. Bxd3+ g6 25. Qh4 Qd4+ 26. Qxd4 cxd4 27. Rf3 Rgc8
28. Rh3 h5 29. Rxh5+ Kg8 30. Rh4 Rd8 31. Bh6 1-0

[Event "Open de la Loire 2014-2015"]
[Site "Aurec"]
[Date "2014.11.08"]
[Round "2.2"]
[White "Guichard, Thomas"]
[Black "Schlick, Paul"]
[Result "0-1"]
[WhiteElo "1490"]
[BlackElo "1670"]
[PlyCount "70"]
[EventDate "2014.??.??"]

1. e4 e5 2. Nf3 Nc6 3. Bb5 Bc5 4. O-O d6 5. d3 Bd7 6. Nc3 Nf6 7. h3 a6 8. Ba4
O-O 9. Bg5 h6 10. Bh4 b5 11. Bb3 Na5 12. Nd5 Nxb3 13. axb3 c6 14. Nxf6+ gxf6
15. Nh2 Kh7 16. Ng4 Bxg4 17. Qxg4 Rg8 18. Qf5+ Rg6 19. Kh1 Bb6 20. f4 exf4 21.
Rxf4 Bd4 22. c3 Be5 23. Rg4 c5 24. Rd1 d5 25. exd5 Qxd5 26. Bxf6 Re8 27. d4
Qxb3 28. Rf1 Bxf6 29. Rxg6 fxg6 30. Qxf6 cxd4 31. Qxd4 Qe6 32. Rd1 Re7 33. b4
Qc6 34. Rf1 Qb7 35. Kg1 Re2 0-1

[Event "Open de la Loire 2014-2015"]
[Site "Aurec"]
[Date "2014.11.08"]
[Round "2.3"]
[White "Allabrune, Guillaume"]
[Black "Desassis, Jean-Francois"]
[Result "0-1"]
[WhiteElo "1487"]
[BlackElo "1570"]
[PlyCount "84"]
[EventDate "2014.??.??"]

1. e4 c5 2. Nf3 d6 3. d4 cxd4 4. Nxd4 Nc6 5. Be3 e5 6. Nf3 Nf6 7. Nc3 Bg4 8.
Be2 Bh5 9. Nd5 Nxe4 10. Qd3 Bg6 11. Qb5 Qd7 12. O-O-O Rc8 13. Nh4 Nd4 14. Qxd7+
Kxd7 15. Nxg6 Nxe2+ 16. Kb1 hxg6 17. Bxa7 Kc6 18. Rhe1 Nd4 19. Bxd4 Kxd5 20.
Bc3+ Ke6 21. Rxe4 Rxh2 22. f4 f5 23. Re2 e4 24. a4 Rc4 25. Rd4 Rxd4 26. Bxd4
Rh1+ 27. Ka2 Rd1 28. Bc3 d5 29. Be5 g5 30. c3 Rf1 31. g3 gxf4 32. Bxf4 Rg1 33.
b4 Be7 34. Re3 Bf6 35. Kb3 g5 36. Bc7 Be5 37. Bxe5 Kxe5 38. a5 f4 39. gxf4+
gxf4 40. Rh3 f3 41. Rh5+ Kf6 42. Rxd5 f2 0-1

[Event "Open de la Loire 2014-2015"]
[Site "Aurec"]
[Date "2014.11.08"]
[Round "2.4"]
[White "Fauvin, David"]
[Black "Trottet, Francois"]
[Result "1-0"]
[WhiteElo "1560"]
[BlackElo "1470"]
[PlyCount "80"]
[EventDate "2014.??.??"]

1. c4 c5 2. Nc3 Nf6 3. Nf3 d5 4. cxd5 Nxd5 5. g3 e6 6. Bg2 b6 7. Qa4+ Bd7 8.
Qc2 Bc6 9. a3 Bd6 10. O-O O-O 11. Re1 h6 12. e4 Nxc3 13. bxc3 e5 14. d3 Nd7 15.
Bd2 Rc8 16. Qc1 Qf6 17. Nh4 Kh7 18. Qd1 Rh8 19. Bh3 Kg8 20. Nf5 Bf8 21. a4 g6
22. Ne3 h5 23. c4 Qd8 24. Nd5 Bh6 25. Bxh6 Rxh6 26. Qf3 Kg7 27. Re2 Rb8 28.
Bxd7 Bxd7 29. Qe3 f6 30. a5 bxa5 31. Qxc5 Bg4 32. Rea2 Rb7 33. Rxa5 Rh7 34. Qc6
Rf7 35. Rxa7 Bd7 36. Qb7 Be6 37. Qc6 Kh6 38. Ra8 Bd7 39. Qa6 Qxa8 40. Qxa8 Bg4
1-0

[Event "Open de la Loire 2014-2015"]
[Site "Aurec"]
[Date "2014.11.08"]
[Round "2.5"]
[White "Briancon, Jean-Philippe"]
[Black "Joly, Christian"]
[Result "1-0"]
[WhiteElo "1404"]
[BlackElo "1540"]
[PlyCount "59"]
[EventDate "2014.??.??"]

1. e4 d6 2. d4 Nf6 3. Nc3 g6 4. Nf3 Bg7 5. Be2 O-O 6. O-O Bg4 7. Qd3 a6 8. h3
Bxf3 9. Bxf3 Nbd7 10. Bg5 Rb8 11. Bxf6 Bxf6 12. Rfd1 c5 13. e5 dxe5 14. dxe5
Nxe5 15. Qe3 Nxf3+ 16. Qxf3 Qe8 17. Rab1 Bd4 18. Nd5 Rd8 19. b4 Bg7 20. bxc5
Kh8 21. Rxb7 e6 22. Ne3 Rxd1+ 23. Nxd1 f6 24. c6 Qc8 25. c7 f5 26. Qc6 Be5 27.
Rb8 Qxb8 28. cxb8=Q Rxb8 29. Qxe6 Bc7 30. Kf1 1-0

[Event "Open de la Loire 2014-2015"]
[Site "Aurec"]
[Date "2014.11.08"]
[Round "2.6"]
[White "Imperiali, Joris"]
[Black "Petrosyan, Armen"]
[Result "1-0"]
[WhiteElo "1534"]
[BlackElo "1399"]
[PlyCount "47"]
[EventDate "2014.??.??"]

1. e4 e6 2. d4 c5 3. Nf3 Nc6 4. d5 Nce7 5. c4 d6 6. Nc3 Bd7 7. dxe6 fxe6 8.
Qxd6 Nd5 9. Qe5 Nb4 10. Bg5 Nf6 11. Bxf6 Qxf6 12. O-O-O Be7 13. Be2 O-O 14.
Rxd7 Nc6 15. Qxf6 Bxf6 16. Rxb7 Rfd8 17. Rd1 Nd4 18. e5 Nxf3 19. exf6 Rxd1+ 20.
Bxd1 Nxh2 21. Rxg7+ Kh8 22. Bc2 h6 23. Rh7+ Kg8 24. f7+ 1-0

[Event "Open de la Loire 2014-2015"]
[Site "Aurec"]
[Date "2014.11.08"]
[Round "2.7"]
[White "Ould Taleb, Said"]
[Black "Schuhmann, Alain"]
[Result "1-0"]
[WhiteElo "1399"]
[BlackElo "1520"]
[PlyCount "61"]
[EventDate "2014.??.??"]

1. e4 c5 2. Nc3 Nc6 3. g3 e5 4. Bg2 Nf6 5. d3 Be7 6. f4 O-O 7. Nf3 d6 8. O-O
Bg4 9. h3 Bd7 10. Be3 Nh5 11. Kh2 Nd4 12. Nd5 exf4 13. gxf4 Nxf3+ 14. Bxf3 Nf6
15. Nxe7+ Qxe7 16. Qd2 Bc6 17. Rg1 Rad8 18. c4 Rfe8 19. Rae1 a6 20. Rg5 h6 21.
Rg3 b5 22. b3 a5 23. Reg1 g6 24. f5 g5 25. Bxg5 Kh7 26. Bxh6 Rg8 27. Bg7 Ng4+
28. Rxg4 Qe5+ 29. Bxe5 Rxg4 30. Rxg4 dxe5 31. Qg5 1-0

[Event "Open de la Loire 2014-2015"]
[Site "Aurec"]
[Date "2014.11.08"]
[Round "2.8"]
[White "Boeuf, Jean-Julien"]
[Black "Choquelle, Jean"]
[Result "1-0"]
[WhiteElo "1513"]
[BlackElo "1190"]
[PlyCount "74"]
[EventDate "2014.??.??"]

1. Nf3 Nc6 2. c4 e6 3. g3 Nf6 4. Nc3 Bc5 5. e3 O-O 6. Bg2 d5 7. cxd5 exd5 8. d4
Be7 9. O-O Bf5 10. Qb3 Rb8 11. Nh4 Bd3 12. Rd1 Nb4 13. Rd2 c6 14. a3 a5 15.
axb4 Bc4 16. Qc2 axb4 17. Ne2 b3 18. Qb1 Bb4 19. Nc3 b5 20. Rd1 Re8 21. Nf3 Bd6
22. Nd2 Ng4 23. Nxc4 bxc4 24. Bd2 Re6 25. Bh3 h5 26. f3 Rxe3 27. fxg4 Qe8 28.
Bxe3 Qxe3+ 29. Kh1 hxg4 30. Re1 Qg5 31. Bg2 Rf8 32. Ra6 Bb4 33. Re5 Qd2 34. Re2
Qxd4 35. Qd1 Qc5 36. Na4 Qd6 37. Nb6 Qf6 1-0

[Event "Open de la Loire 2014-2015"]
[Site "Aurec"]
[Date "2014.11.08"]
[Round "2.9"]
[White "Vier, Serge"]
[Black "Libiszewski, Christian"]
[Result "1/2-1/2"]
[WhiteElo "1649"]
[BlackElo "1400"]
[PlyCount "72"]
[EventDate "2014.??.??"]

1. d4 d5 2. c4 c6 3. Nf3 Nf6 4. Nc3 dxc4 5. a4 Bf5 6. e3 e6 7. Bxc4 Bb4 8. O-O
Nbd7 9. Qb3 a5 10. Bd2 O-O 11. Nb1 Bxd2 12. Nbxd2 Nb6 13. Be2 Qc7 14. Rac1 Nbd5
15. Nc4 Ne4 16. Nh4 Bg6 17. Nxg6 hxg6 18. f3 Nef6 19. g3 Nd7 20. Rfd1 N7b6 21.
e4 Nxc4 22. exd5 exd5 23. Bxc4 dxc4 24. Qxc4 Qb6 25. Rc2 Rfe8 26. Kg2 Re3 27.
Rd3 Rae8 28. Kf2 R3e7 29. Rb3 Qc7 30. d5 Rc8 31. dxc6 bxc6 32. Rbc3 Re6 33. Qc5
Re5 34. Qd4 c5 35. Qc4 Qd6 36. Rd3 Qe7 1/2-1/2

[Event "Open de la Loire 2014-2015"]
[Site "Aurec"]
[Date "2014.11.08"]
[Round "2.10"]
[White "Piguet, Francois"]
[Black "Martin, Julien"]
[Result "0-1"]
[WhiteElo "1599"]
[BlackElo "1420"]
[PlyCount "114"]
[EventDate "2014.??.??"]

1. e4 e5 2. Nf3 d6 3. d4 Be7 4. dxe5 Nc6 5. exd6 Bxd6 6. Bb5 Bd7 7. O-O Qf6 8.
Nc3 Qg6 9. Nh4 Qf6 10. Nd5 Qxh4 11. g3 Qg4 12. Qxg4 Bxg4 13. Bxc6+ bxc6 14. Ne3
Be6 15. Kg2 Nf6 16. f3 O-O 17. Rb1 Bc5 18. b3 Rfd8 19. c4 Rd7 20. e5 Ne8 21. f4
Rd3 22. f5 Bxe3 23. fxe6 fxe6 24. Bxe3 Rxe3 25. Rfe1 Rc3 26. Rbc1 Rd3 27. Rcd1
Rdd8 28. Kf3 g6 29. Rxd8 Rxd8 30. Re2 Ng7 31. g4 h5 32. h3 hxg4+ 33. hxg4 Kf7
34. Kg3 Rd3+ 35. Kg2 c5 36. Rf2+ Ke7 37. Re2 c6 38. Kf2 Ne8 39. Kg2 Nc7 40. Kf2
Na6 41. Kg2 Nb4 42. Kf2 Rc3 43. Ke1 Rg3 44. Re4 Nxa2 45. Kf2 Rxb3 46. Re3 Nc3
47. Ke1 Rb1+ 48. Kd2 Nd1 49. Ra3 Nf2 50. Rxa7+ Kf8 51. Ra8+ Kg7 52. Ra7+ Kh6
53. Re7 Nxg4 54. Rxe6 Rb6 55. Ke2 Kg5 56. Kf3 Kf5 57. Re8 Nxe5+ 0-1